Score 0/26 Timer 04:00
0 Plays Today
Term Missing Word % Correct
Halley's ______Comet
96%
Milky ______Way
94.9%
______ EclipseLunar
93.5%
The Big ______Bang
91.9%
Galilean Moons of ______Jupiter
91.7%
Hubble ______Telescope
91.6%
______ of SaturnRings
91.1%
Black ______Hole
90.6%
Dwarf ______Planet
84.2%
______ MajorUrsa
82.6%
Solar ______Flare
80.9%
11-______ Solar CycleYear
77.8%
______ SpotsSun
77.1%
Term Missing Word % Correct
______ BeltAsteroid
75.4%
White ______Dwarf
73.1%
Dark ______Matter
71.5%
Vernal ______Equinox
70.3%
______ StarNeutron
64%
______ Red SpotGreat
62.3%
Portmanteau of 'quasi-stellar': ______Quasar
48.3%
______ TelescopeX-ray
47.3%
______ 1 and ______ 2Voyager
43.7%
______ BeltKuiper
43.1%
Solar ______ angleZenith
31.4%
______ CloudOort
30.6%
______ GiantIce
24.9%

Today's Daily Dose

Remove Ads.
Support Sporcle.
Get the best of Sporcle when you Go Orange. This ad-free experience offers more features, more stats, and more fun while also helping to support Sporcle. Thank you for becoming a member.

You're not logged in!

Compare scores with friends on all Sporcle quizzes.
OR
Log In

Show Comments

Extras

Top Quizzes Today


Score Distribution

Your Account Isn't Verified!

In order to create a playlist on Sporcle, you need to verify the email address you used during registration. Go to your Sporcle Settings to finish the process.

Report this User

Report this user for behavior that violates our Community Guidelines.

Details: